|
|
|
|
| LEADER |
00000nam a2200000 a 4500 |
| 001 |
vtls008313214 |
| 003 |
SK-MaSNL |
| 005 |
20260301074904.0 |
| 008 |
190102s1967 xo 000 slo |
| 015 |
|
|
|a SKSNBA1967/01-00112
|
| 035 |
|
|
|a SK01SNK19670005431
|
| 035 |
|
|
|a SKM000007894
|
| 040 |
|
|
|a SNK
|b slo
|c SNK
|e AACR2
|
| 041 |
1 |
|
|a slo
|
| 044 |
|
|
|a xo
|c SK
|
| 080 |
|
|
|a 016(437.6)"1967"
|2 1981
|
| 100 |
1 |
|
|a Laco, Blažej,
|d 1936-1968
|4 aut
|9 183172
|
| 245 |
1 |
0 |
|a Evidenčný súpis plánovaných bibliografických prác na Slovensku v roku 1967
|n 12. roč.
|b (s prílohou o koordinácii bibliografických prác)
|c Blažej Laco
|
| 260 |
|
|
|a Martin
|b Matica slovenská
|c 1967
|
| 300 |
|
|
|a 172 s.
|c 4°
|
| 490 |
1 |
|
|a Dokumentácia bibliografie
|v č. 4
|
| 500 |
|
|
|a Opr. Prehľad prác podľa ved. odborov. Reg.
|
| 563 |
|
|
|a 400 výtl.
|
| 650 |
0 |
7 |
|a bibliografie slovenské
|y 1967
|x súpisy evidenčné
|2 SNK
|9 398194
|
| 655 |
|
7 |
|a prehľady
|2 SNKPH
|9 70194
|
| 830 |
|
0 |
|a Dokumentácia bibliografie
|9 398195
|
| 852 |
|
|
|a Slovenská národná knižnica v Martine
|b 10000
|h SB 6368/1967
|
| 852 |
|
|
|a Slovenská národná knižnica v Martine
|b 10000
|h SB 6368/1967 D1
|
| 852 |
|
|
|a Slovenská národná knižnica v Martine
|b 10000
|h SB 6368/1967 D2
|
| 958 |
|
|
|a OND
|
| 958 |
|
|
|a RM
|
| 958 |
|
|
|a RK
|
| 999 |
|
|
|c 648539
|d 650469
|
| 952 |
|
|
|a SNK
|b SNK
|y VYP
|7 0
|p 17A0709943
|o snkSB 6368/12/1967 D1
|i snkKSP 986/67
|0 0
|1 0
|4 0
|d 2011-10-19
|l 0
|r 2026-02-23 18:14:35
|w 2026-02-23
|